书目信息 |
| 题名: |
劳心者必读的101个心理法则
|
|
| 作者: | 吕晨钟 编著 | |
| 分册: | ||
| 出版信息: | 北京 北京工业大学出版社 2005.11 |
|
| 页数: | 345页 | |
| 开本: | 23cm | |
| 丛书名: | ||
| 单 册: | ||
| 中图分类: | C93-05 | |
| 科图分类: | ||
| 主题词: | 管理心理学--guan li xin li xue | |
| 电子资源: | ||
| ISBN: | 7-5639-1596-6 | |
| 000 | 00615nam0 2200205 450 | |
| 001 | CAL 012005142669 | |
| 005 | 20060525162636.39 | |
| 010 | @a7-5639-1596-6@dCNY 35.00 | |
| 099 | @aCAL 012005142669 | |
| 100 | @a20051212d2005 em y0chiy0121 ea | |
| 101 | 0 | @achi |
| 102 | @aCN@b110000 | |
| 200 | 1 | @a劳心者必读的101个心理法则@Alao xin zhe bi du de 101 ge xin li fa ze@f吕晨钟编著 |
| 210 | @a北京@c北京工业大学出版社@d2005.11 | |
| 215 | @a345页@c图@d23cm | |
| 606 | 0 | @a管理心理学@Aguan li xin li xue |
| 690 | @aC93-05@v4 | |
| 701 | 0 | @a吕晨钟@Alv chen zhong@4编著 |
| 801 | 0 | @c20060525 |
| 905 | @a10447@dC93-05@eL889 | |
| 劳心者必读的101个心理法则/吕晨钟编著.-北京:北京工业大学出版社,2005.11 |
| 345页:图;23cm |
| ISBN 7-5639-1596-6:CNY 35.00 |
| ● |
| 相关链接 |
|
|
|
正题名:劳心者必读的101个心理法则
索取号:C93-05/L889
 
预约/预借
| 序号 | 登录号 | 条形码 | 馆藏地/架位号 | 状态 | 备注 |
| 1 | 603146 | 206031462 | 社科库509/509社科库 64排2列6层/ [索取号:C93-05/L889] | 在馆 | |
| 2 | 603147 | 206031471 | 社科库509/509社科库 64排2列6层/ [索取号:C93-05/L889] | 在馆 | |
| 3 | 603148 | 206031480 | 社科库509/509社科库 64排2列6层/ [索取号:C93-05/L889] | 在馆 |